000 00585nam a2200157 a 4500
001 000027071
005 20200930030602.0
008 110329s2009 dr a r 000 0 spa d
040 _aDO-SdBNP
_bspa
_cBNPHU
082 _axxxx
_bF418i
111 2 _aFestival Internacional de Teatro
_n(6o. :
_d2009 jun. 17-24 :
_cSanto Domingo)
_954151
245 1 0 _aVI Festival internacional de teatro Santo Domingo 2009.
246 1 0 _aSexto Festival Internacional de Teatro Santo Domingo 2009
260 _aSanto Domingo :
_bSecretaría de Estado de Cultura,
_c[2009?].
300 _a65 p. :
_bil. ;
_c27 cm.
999 _c26563
_d26563